Les villes du Maine-et-Loire en images - Statistiques

Statistiques générales
  • Ce quiz a été pris 133 fois
    126 depuis la dernière actualisation
  • Le résultat moyen est 8 sur 18
Statistiques - réponses
Par images Hint Réponse % Correct
A Angers
100%
A Avrillé
78%
T Trélazé
74%
C Cholet
73%
S Saumur
71%
M Maulevrier
64%
B Beaucouzé
55%
L (L) Le Lion-d'Angers
47%
B Bouchemaine
41%
L (P) Les Ponts-de-Cé
39%
B Brissac-Quincé
35%
F Fontevraud
30%
S Segré-en-Anjou Bleu
27%
S Saint-Barthélemy-d'Anjou
20%
C Chemillé-en-Anjou
17%
S Sèvremoine
16%
B Beaupréau-en-Mauges
15%
C Candé
3%
Aucun quiz correspondant
Distribution des résultats
% des personnes avec chaque résultat
Percentile par nombre de réponses
Votre historique - résultats
Vous n’avez pas pris ce quiz depuis la dernière actualisation